000 00817nam a22002537i 4500
005 20200623160605.0
008 200623t20172017-uka|||b |||| 00| f eng d
020 _a9781847158314
_cRM40.95
_qhardback
040 _aPPAK
_beng
_cPPAK
_erda
082 0 4 _223
_a823.92
090 0 0 _a823.92
_bNIC
_dK
100 1 _aNicoll, Tom,
_eauthor.
245 1 0 _aBOYBAND OF THE APOCALYPSE /
_cTOM NICOLL ; IllUSTRATED BY DAVID O'CONNELL
264 1 _aLondon, United Kingdom :
_bSTRIPES PUBLISHING LTD.,
_c2017
264 4 _c©2017
300 _a317 pages :
_billustrations ;
_c20 cm
336 _2rdacontent
_atext
337 _2rdamedia
_aunmediated
338 _2rdacarrier
_avolume
650 1 0 _aChildren's stories
650 2 0 _aTeenage boys
_vJuvenile fiction
700 1 _aO'Connell, David,
_eillustrator.
942 _2ddc
_cB
999 _c177797
_d177797